Famous Quotes II Quiz Stats

 Plays Quiz Updated Sep 19, 2018

Score 0/15 Timer 06:00
0 Plays Today
Quote Person % Correct
I have a dream that my four little children will one day live in a nation where they will not be judged by the color of their skin, but by the content of their character. Martin Luther King Jr.
98.2%
And so, my fellow Americans, ask not what your country can do for you; ask what you can do for your country. John F. Kennedy
83.1%
Houston, Tranquillity Base here. The Eagle has landed. Neil Armstrong
54%
I want to know God's thoughts... the rest are details.Albert Einstein
47.8%
I haven't failed, I've found 10,000 ways that don't work.Thomas Edison
46.2%
Winning isn't everything, it's the only thing. Vince Lombardi
31.6%
You miss 100 percent of the shots you never take.Wayne Gretzky
15%
Houston, we've had a problem here. James A. Lovell
13.3%
Quote Person % Correct
I've had a wonderful time, but this wasn't it.Groucho Marx
10.9%
In theory, there is no difference between theory and practice. But in practice, there is.Yogi Berra
10.6%
The only way to get rid of a temptation is to yield to it.Oscar Wilde
7%
Don't stay in bed, unless you can make money in bed.George Burns
2.1%
Black holes are where God divided by zero.Steven Wright
1.8%
The trouble with the rat race is that even if you win, you’re still a rat.Lily Tomlin
1.5%
Be nice to people on your way up because you meet them on your way down.Jimmy Durante
0.7%

You're not logged in!

Compare scores with friends on all Sporcle quizzes.
OR
Log In

Sporcle TV

Today on Sporcle TV


Watch our educational content, quiz creation guides, and fun videos on Sporcle TV.

Show Comments

Extras

Top Quizzes Today


Score Distribution

Your Account Isn't Verified!

In order to create a playlist on Sporcle, you need to verify the email address you used during registration. Go to your Sporcle Settings to finish the process.

Report this User

Report this user for behavior that violates our Community Guidelines.

Details: